[Event "24th NATO Chess Championship"]
[Site "Rynia"]
[Date "2013.08.13"]
[Round "2.1"]
[White "Drabke, Lorenz Maximilian"]
[Black "Oltean, Gusztav"]
[Result "1-0"]
[WhiteElo "2431"]
[BlackElo "2084"]
[PlyCount "107"]
[EventDate "2013.08.??"]
[EventType "swiss"]
[EventRounds "7"]
[EventCountry "POL"]
[WhiteTeam "GER"]
[BlackTeam "HUN"]
[WhiteTeamCountry "GER"]
[BlackTeamCountry "HUN"]

1. e4 c5 2. Nf3 d6 3. d4 cxd4 4. Nxd4 Nf6 5. f3 g6 6. c4 Bg7 7. Nc3 Nc6 8. Be3
Bd7 9. Nc2 O-O 10. Be2 Rc8 11. O-O Ne5 12. Na3 a6 13. Qb3 Bc6 14. Rfd1 Ned7 15.
Nc2 Qc7 16. Rac1 Rfd8 17. Nd4 Nc5 18. Qa3 Be8 19. b4 Ncd7 20. Qb3 Ne5 21. Nd5
Nxd5 22. exd5 Qd7 23. Re1 h6 24. h3 Qa4 25. f4 Qxb3 26. Nxb3 Nd7 27. Na5 Rc7
28. c5 dxc5 29. bxc5 Nxc5 30. Rxc5 Rxc5 31. Bxc5 Rxd5 32. Nxb7 Bc6 33. Bf3 Bxb7
34. Bxd5 Bxd5 35. a3 e6 36. Rb1 Bc3 37. Rb8+ Kg7 38. Rc8 Bb2 39. Bf8+ Kf6 40.
Kh2 h5 41. Rc2 Bd4 42. Bc5 Bxc5 43. Rxc5 Kf5 44. Ra5 Kxf4 45. Rxa6 e5 46. Rd6
Bc4 47. a4 Ke3 48. a5 Kf2 49. a6 Bxa6 50. Rf6+ Ke1 51. Rxa6 h4 52. Rf6 e4 53.
Rxf7 e3 54. Kg1 1-0

[Event "24th NATO Chess Championship"]
[Site "Rynia"]
[Date "2013.08.13"]
[Round "2.2"]
[White "Keough, Robert W"]
[Black "Pedersen, Finn"]
[Result "0-1"]
[WhiteElo "2077"]
[BlackElo "2303"]
[PlyCount "108"]
[EventDate "2013.08.??"]
[EventType "swiss"]
[EventRounds "7"]
[EventCountry "POL"]
[WhiteTeam "USA"]
[BlackTeam "DEN"]
[WhiteTeamCountry "USA"]
[BlackTeamCountry "DEN"]

1. e4 c6 2. d4 d5 3. Nc3 dxe4 4. Nxe4 Nd7 5. Bc4 Ndf6 6. Ng5 e6 7. N1f3 Bd6 8.
Qe2 h6 9. Nh3 Ne7 10. O-O O-O 11. Bf4 Bxf4 12. Nxf4 Nfd5 13. Nd3 a5 14. a4 b6
15. c3 Ng6 16. Nfe5 Nxe5 17. Nxe5 Bb7 18. f4 Qd6 19. f5 exf5 20. Rxf5 Bc8 21.
Rxf7 Be6 22. Rxf8+ Rxf8 23. Rf1 Nf4 24. Bxe6+ Qxe6 25. Qe4 Qf6 26. Rf3 Qh4 27.
Kh1 Qg5 28. g3 Nd5 29. Rxf8+ Kxf8 30. Ng6+ Kf7 31. Nf4 Qg4 32. Qe2 Qf5 33. Qh5+
Qxh5 34. Nxh5 g5 35. g4 Ne3 36. Ng3 Nd1 37. b3 Nxc3 38. Nf5 Ne2 39. Nxh6+ Ke6
40. Nf5 Nc1 41. Kg2 Nxb3 42. Kf3 b5 43. axb5 cxb5 44. Ke4 a4 45. d5+ Kf6 46. d6
Ke6 47. Ne3 a3 48. h4 a2 49. Nc2 gxh4 50. g5 Kxd6 51. Kf4 a1=Q 52. Nxa1 Nxa1
53. g6 Ke7 54. Kg5 h3 0-1

[Event "24th NATO Chess Championship"]
[Site "Rynia"]
[Date "2013.08.13"]
[Round "2.3"]
[White "Helbig, Mark"]
[Black "Nielsen, Jan Mose"]
[Result "1-0"]
[WhiteElo "2282"]
[BlackElo "2081"]
[PlyCount "83"]
[EventDate "2013.08.??"]
[EventType "swiss"]
[EventRounds "7"]
[EventCountry "POL"]
[WhiteTeam "GER"]
[BlackTeam "DEN"]
[WhiteTeamCountry "GER"]
[BlackTeamCountry "DEN"]

1. c4 Nf6 2. Nc3 g6 3. g3 Bg7 4. Bg2 c5 5. Nf3 Nc6 6. O-O O-O 7. d4 cxd4 8.
Nxd4 Nxd4 9. Qxd4 d6 10. Qh4 Qa5 11. Bd2 Bd7 12. Rfd1 Bc6 13. Nd5 Qd8 14. Bg5
Bxd5 15. cxd5 Qb6 16. Rd2 Rac8 17. Qa4 a6 18. h3 Qc7 19. Rad1 Qc4 20. Qxc4 Rxc4
21. b3 Rc7 22. h4 h6 23. Be3 Nd7 24. Bh3 Rfc8 25. h5 g5 26. Bf5 Kf8 27. f4 gxf4
28. Bxf4 Rd8 29. Kg2 Nf6 30. g4 Ng8 31. Be3 Rc3 32. Bb6 Ra8 33. Rd3 Rxd3 34.
Rxd3 Bf6 35. Rd2 Bg5 36. Rc2 Nf6 37. e4 e6 38. dxe6 fxe6 39. Bxe6 Re8 40. Bd5
Nxg4 41. Rc7 Ne3+ 42. Bxe3 1-0

[Event "24th NATO Chess Championship"]
[Site "Rynia"]
[Date "2013.08.13"]
[Round "2.4"]
[White "Tucker, David Sidney"]
[Black "Wantiez, Fabrice"]
[Result "0-1"]
[WhiteElo "2069"]
[BlackElo "2279"]
[PlyCount "56"]
[EventDate "2013.08.??"]
[EventType "swiss"]
[EventRounds "7"]
[EventCountry "POL"]
[WhiteTeam "ENG"]
[BlackTeam "BEL"]
[WhiteTeamCountry "ENG"]
[BlackTeamCountry "BEL"]

1. e4 e5 2. Nf3 Nc6 3. Bb5 a6 4. Ba4 g6 5. d3 Bg7 6. c3 Nge7 7. Nbd2 d5 8. Nf1
f5 9. exd5 Nxd5 10. Bg5 Bf6 11. Bxc6+ bxc6 12. Bxf6 Qxf6 13. Qe2 e4 14. dxe4
Nxc3 15. e5 Nxe2 16. exf6 Nf4 17. Ne3 Nd3+ 18. Ke2 Nf4+ 19. Kd2 O-O 20. Rhd1
Rxf6 21. Ke1 Rd6 22. Kf1 a5 23. Nc4 Ba6 24. b3 a4 25. g3 Rxd1+ 26. Rxd1 Nd5 27.
Nfd2 Nc3 28. Ra1 axb3 0-1

[Event "24th NATO Chess Championship"]
[Site "Rynia"]
[Date "2013.08.13"]
[Round "2.5"]
[White "Van Rijn, Wouter"]
[Black "Hernandez, Albertryan"]
[Result "1-0"]
[WhiteElo "2216"]
[BlackElo "2077"]
[PlyCount "135"]
[EventDate "2013.08.??"]
[EventType "swiss"]
[EventRounds "7"]
[EventCountry "POL"]
[WhiteTeam "NED"]
[BlackTeam "USA"]
[WhiteTeamCountry "NED"]
[BlackTeamCountry "USA"]

1. Nf3 Nf6 2. d4 b6 3. g3 Bb7 4. Bg2 e6 5. O-O Be7 6. c4 O-O 7. Nc3 c5 8. b3
cxd4 9. Qxd4 Bc5 10. Qd3 d5 11. Bg5 dxc4 12. Qxc4 Nbd7 13. Rad1 Qc8 14. Nb5 Bd5
15. Qh4 a6 16. Nbd4 Qb7 17. Bc1 Ne4 18. Bb2 Ndf6 19. Bh3 Qe7 20. Ng5 Rad8 21.
Nxe4 Bxe4 22. Nf3 Ba8 23. Bg2 Ne4 24. Qxe7 Bxe7 25. Ne5 b5 26. e3 Bb4 27. Nd7
Rfe8 28. Rd4 Bc3 29. Bxc3 Nxc3 30. Rd2 Bxg2 31. Kxg2 b4 32. Rc1 f6 33. a3 a5
34. axb4 axb4 35. Rcc2 Kf7 36. Nc5 Rd5 37. Rxd5 exd5 38. Nd3 d4 39. exd4 Ne2
40. Rc4 Rd8 41. Rxb4 Rxd4 42. Rb7+ Kg6 43. Nc5 Rd6 44. b4 Nc3 45. Kf3 Nd5 46.
Nd3 Nc3 47. Nf4+ Kh6 48. h4 g5 49. Ng2 Kg6 50. h5+ Kxh5 51. Rxh7+ Kg6 52. Rb7
f5 53. Ne3 f4 54. gxf4 gxf4 55. Ng2 Kg5 56. Rg7+ Kf6 57. Rg4 Nd5 58. Nxf4 Nxf4
59. Rxf4+ Ke5 60. Re4+ Kf5 61. b5 Rd3+ 62. Re3 Rd6 63. Rb3 Rb6 64. Ke3 Re6+ 65.
Kd4 Re2 66. b6 Rd2+ 67. Kc5 Rc2+ 68. Kb5 1-0

[Event "24th NATO Chess Championship"]
[Site "Rynia"]
[Date "2013.08.13"]
[Round "2.6"]
[White "Ranario, Dan"]
[Black "Jauk, Wilhelm"]
[Result "0-1"]
[WhiteElo "2062"]
[BlackElo "2172"]
[PlyCount "88"]
[EventDate "2013.08.??"]
[EventType "swiss"]
[EventRounds "7"]
[EventCountry "POL"]
[WhiteTeam "USA"]
[BlackTeam "GER"]
[WhiteTeamCountry "USA"]
[BlackTeamCountry "GER"]

1. d4 d5 2. Nf3 c6 3. g3 Bf5 4. Bg2 h6 5. O-O Nd7 6. b3 e6 7. Bb2 Ngf6 8. Nbd2
Be7 9. Re1 O-O 10. Nf1 b5 11. N3d2 Qb6 12. h3 a5 13. a4 Rfc8 14. g4 Bg6 15. Ng3
Bd6 16. c3 bxa4 17. Rxa4 c5 18. e3 c4 19. e4 Bxg3 20. fxg3 Nxe4 21. Bxe4 Bxe4
22. b4 Bd3 23. Qa1 Qb8 24. Kf2 axb4 25. Rxb4 Rxa1 26. Rxb8 Rxb8 27. Bxa1 Nf6
28. Ke3 Kf8 29. Kf4 g5+ 30. Ke3 Kg7 31. Nf3 Bh7 32. Ne5 Ne4 33. Rg1 Ra8 34. h4
Nxg3 35. hxg5 hxg5 36. Rxg3 Rxa1 37. Rf3 f6 38. Nd7 f5 39. gxf5 exf5 40. Kf2 f4
41. Nb6 Be4 42. Rh3 g4 43. Rh4 g3+ 44. Ke2 f3+ 0-1

[Event "24th NATO Chess Championship"]
[Site "Rynia"]
[Date "2013.08.13"]
[Round "2.7"]
[White "Karbowiak, Adam"]
[Black "Aagaard, Gert"]
[Result "1-0"]
[WhiteElo "2167"]
[BlackElo "2067"]
[PlyCount "135"]
[EventDate "2013.08.??"]
[EventType "swiss"]
[EventRounds "7"]
[EventCountry "POL"]
[WhiteTeam "POL"]
[BlackTeam "DEN"]
[WhiteTeamCountry "POL"]
[BlackTeamCountry "DEN"]

1. Nf3 Nf6 2. g3 d5 3. Bg2 c6 4. O-O Bf5 5. d3 e6 6. c4 Be7 7. Be3 dxc4 8. dxc4
Qxd1 9. Rxd1 Nbd7 10. Nc3 O-O 11. a3 Rfd8 12. b4 Ng4 13. Bf4 e5 14. Bg5 f6 15.
Bc1 Nb6 16. h3 Nh6 17. c5 Nc4 18. Nd2 Nxd2 19. Bxd2 Bc2 20. Bxh6 Bxd1 21. Nxd1
gxh6 22. Ne3 Rd2 23. Kf1 Rad8 24. Ke1 Kf7 25. Be4 Bf8 26. Bd3 R2xd3 27. exd3
Rxd3 28. Ke2 Rd7 29. g4 Ke6 30. f3 h5 31. Nf5 b6 32. cxb6 axb6 33. Rc1 c5 34.
bxc5 bxc5 35. a4 Ra7 36. Rc4 Kd5 37. Kd3 hxg4 38. hxg4 Rb7 39. Ne3+ Ke6 40. a5
Ra7 41. Ra4 Ra6 42. Kc4 Bd6 43. Kb5 Ra7 44. a6 Bb8 45. Kxc5 Rd7 46. Kc6 Ba7 47.
Nc4 Bd4 48. Ra2 Bg1 49. Rb2 Ra7 50. Kb5 Ra8 51. Rg2 Bd4 52. Rh2 Rb8+ 53. Ka4
Kd5 54. Na5 Rb1 55. Nb3 Bb6 56. Rxh7 Rb2 57. Kb4 Ra2 58. Kb5 Be3 59. Rd7+ Ke6
60. Rd3 Bf2 61. Rd2 Rxd2 62. Nxd2 f5 63. gxf5+ Kxf5 64. Ne4 Bd4 65. Nc5 Kf4 66.
a7 Bxc5 67. Kxc5 Kxf3 68. a8=Q+ 1-0

[Event "24th NATO Chess Championship"]
[Site "Rynia"]
[Date "2013.08.13"]
[Round "2.8"]
[White "Picart, Laurent"]
[Black "Sari, Serdar"]
[Result "1/2-1/2"]
[WhiteElo "2109"]
[BlackElo "2052"]
[PlyCount "58"]
[EventDate "2013.08.??"]
[EventType "swiss"]
[EventRounds "7"]
[EventCountry "POL"]
[WhiteTeam "FRA"]
[BlackTeam "TUR"]
[WhiteTeamCountry "FRA"]
[BlackTeamCountry "TUR"]

1. d4 Nf6 2. c4 c5 3. d5 b5 4. cxb5 a6 5. b6 Qxb6 6. Nc3 d6 7. Nf3 g6 8. Nd2
Bg7 9. e4 O-O 10. a4 Qb4 11. Be2 Nbd7 12. a5 Ne8 13. O-O Nc7 14. Nc4 Qb7 15.
Na4 Nb5 16. Nab6 Nxb6 17. Nxb6 Ra7 18. Rb1 e6 19. Be3 exd5 20. Nxd5 Be6 21. Bc4
Bxd5 22. Bxd5 Qe7 23. Qd2 Rc7 24. f4 h6 25. f5 Kh7 26. f6 Bxf6 27. Bxh6 Bg7 28.
Bxg7 Kxg7 29. Rf3 Qe5 1/2-1/2

[Event "24th NATO Chess Championship"]
[Site "Rynia"]
[Date "2013.08.13"]
[Round "2.9"]
[White "Wagenaar, Harm Theo"]
[Black "Macaspac, Arthur"]
[Result "1/2-1/2"]
[WhiteElo "2054"]
[BlackElo "2107"]
[PlyCount "108"]
[EventDate "2013.08.??"]
[EventType "swiss"]
[EventRounds "7"]
[EventCountry "POL"]
[WhiteTeam "NATO"]
[BlackTeam "USA"]
[BlackTeamCountry "USA"]

1. d4 Nf6 2. Nf3 g6 3. c3 Bg7 4. Bg5 h6 5. Bh4 d6 6. Nbd2 O-O 7. e4 g5 8. Bg3
Nh5 9. Bc4 Nxg3 10. hxg3 e5 11. dxe5 dxe5 12. Qc2 c6 13. O-O-O b5 14. Nf1 Qe7
15. Bd3 Nd7 16. Ne3 Nf6 17. Kb1 Rd8 18. Rhe1 Re8 19. Nd2 Ng4 20. Ndf1 Qc5 21.
Nxg4 Bxg4 22. f3 Be6 23. Ne3 a5 24. Nf5 a4 25. g4 a3 26. b3 Rad8 27. Rh1 Bxf5
28. b4 Qb6 29. exf5 c5 30. Be4 cxb4 31. cxb4 Rd4 32. Qb3 Red8 33. Rxd4 Qxd4 34.
Qxa3 Bf8 35. Qb3 Bxb4 36. Rxh6 Qg1+ 37. Kb2 Rd2+ 38. Bc2 Qd4+ 39. Kb1 Qg1+ 40.
Kb2 Qd4+ 41. Kb1 Rxg2 42. Rh1 Bc3 43. Rd1 Rg1 44. Rxg1 Qxg1+ 45. Bd1 b4 46. Qc2
Kf8 47. Qd3 Ke7 48. Kc2 Qc5 49. Kb1 Qf2 50. Bc2 f6 51. Qd5 Qg1+ 52. Bd1 Qb6 53.
Bb3 Qg1+ 54. Bd1 Qb6 1/2-1/2

[Event "24th NATO Chess Championship"]
[Site "Rynia"]
[Date "2013.08.13"]
[Round "2.10"]
[White "Koopmeiners, Karl"]
[Black "Narman, Gokhan"]
[Result "1/2-1/2"]
[WhiteElo "2038"]
[BlackElo "2102"]
[PlyCount "59"]
[EventDate "2013.08.??"]
[EventType "swiss"]
[EventRounds "7"]
[EventCountry "POL"]
[WhiteTeam "NATO"]
[BlackTeam "TUR"]
[BlackTeamCountry "TUR"]

1. d4 Nf6 2. c4 e6 3. Nf3 d5 4. Nc3 Bb4 5. Bg5 c5 6. a3 Bxc3+ 7. bxc3 Qa5 8.
Bd2 Ne4 9. e3 Nd7 10. Bd3 Ndf6 11. Qc2 Bd7 12. O-O Ba4 13. Qb2 O-O 14. Rfb1
Rab8 15. cxd5 exd5 16. Bb5 Nxd2 17. Nxd2 Bxb5 18. Qxb5 Qxc3 19. Nf3 cxd4 20.
Rc1 a6 21. Rxc3 axb5 22. Nxd4 Rfc8 23. Rb3 Rc5 24. Rxb5 Rxb5 25. Nxb5 Kf8 26.
Rc1 Ne8 27. Rc5 Rd8 28. Nc3 d4 29. exd4 Rxd4 30. Kf1 1/2-1/2

[Event "24th NATO Chess Championship"]
[Site "Rynia"]
[Date "2013.08.13"]
[Round "2.11"]
[White "Hansen, Stefan"]
[Black "Toll, Alec"]
[Result "1-0"]
[WhiteElo "2099"]
[BlackElo "2027"]
[PlyCount "65"]
[EventDate "2013.08.??"]
[EventType "swiss"]
[EventRounds "7"]
[EventCountry "POL"]
[WhiteTeam "DEN"]
[BlackTeam "NATO"]
[WhiteTeamCountry "DEN"]

1. d4 e5 2. dxe5 Nc6 3. Nf3 Qe7 4. Bf4 Qb4+ 5. Bd2 Qxb2 6. Nc3 Bb4 7. Rb1 Qa3
8. Nd5 Bxd2+ 9. Qxd2 Kd8 10. e4 h6 11. Bc4 Na5 12. Bb3 Nxb3 13. axb3 c6 14. Ne3
Ne7 15. O-O Ng6 16. b4 Qa6 17. Ra1 Qb6 18. Nc4 Qc7 19. Nd6 Ke7 20. Rfd1 Rd8 21.
h4 Kf8 22. h5 Nh8 23. c4 b6 24. Nh4 c5 25. b5 a5 26. Ra3 Bb7 27. Qf4 Re8 28.
Rf3 Re7 29. Nhf5 Bxe4 30. Qxe4 Rae8 31. Nxe7 Kxe7 32. Nxe8 Kxe8 33. Qh7 1-0

[Event "24th NATO Chess Championship"]
[Site "Rynia"]
[Date "2013.08.13"]
[Round "2.12"]
[White "Prevot, Jean Luc"]
[Black "De Waard, Marco"]
[Result "1/2-1/2"]
[WhiteElo "2027"]
[BlackElo "2098"]
[PlyCount "25"]
[EventDate "2013.08.??"]
[EventType "swiss"]
[EventRounds "7"]
[EventCountry "POL"]
[WhiteTeam "FRA"]
[BlackTeam "NED"]
[WhiteTeamCountry "FRA"]
[BlackTeamCountry "NED"]

1. Nf3 Nf6 2. g3 g6 3. b4 Bg7 4. Bb2 O-O 5. Bg2 c6 6. O-O d5 7. d3 a5 8. a3
axb4 9. axb4 Rxa1 10. Bxa1 Na6 11. c3 Bg4 12. Nbd2 Bxf3 13. Nxf3 1/2-1/2

[Event "24th NATO Chess Championship"]
[Site "Rynia"]
[Date "2013.08.13"]
[Round "2.13"]
[White "Van Run, Rieke"]
[Black "Nielsen, Henrik"]
[Result "1/2-1/2"]
[WhiteElo "2097"]
[BlackElo "2037"]
[PlyCount "22"]
[EventDate "2013.08.??"]
[EventType "swiss"]
[EventRounds "7"]
[EventCountry "POL"]
[WhiteTeam "NED"]
[BlackTeam "DEN"]
[WhiteTeamCountry "NED"]
[BlackTeamCountry "DEN"]

1. e4 c5 2. Nc3 Nc6 3. g3 d6 4. d3 g6 5. Bg2 Bg7 6. Be3 Nf6 7. Nge2 Ng4 8. Bd2
Bd7 9. O-O O-O 10. f3 Nf6 11. Qc1 Qc8 1/2-1/2

[Event "24th NATO Chess Championship"]
[Site "Rynia"]
[Date "2013.08.13"]
[Round "2.14"]
[White "Wells, Daniel J"]
[Black "Kedzierski, Slawomir"]
[Result "0-1"]
[WhiteElo "2023"]
[BlackElo "2095"]
[PlyCount "76"]
[EventDate "2013.08.??"]
[EventType "swiss"]
[EventRounds "7"]
[EventCountry "POL"]
[WhiteTeam "ENG"]
[BlackTeam "POL"]
[WhiteTeamCountry "ENG"]
[BlackTeamCountry "POL"]

1. e4 c6 2. d4 d5 3. e5 Bf5 4. Nf3 e6 5. a3 Nd7 6. Nbd2 Ne7 7. Be2 c5 8. dxc5
Nc6 9. b4 a5 10. b5 Ncxe5 11. Nxe5 Nxe5 12. Bb2 Nd7 13. c6 bxc6 14. bxc6 Nf6
15. Bb5 Qc7 16. Qe2 Bd6 17. c4 O-O 18. h3 Ne4 19. Nxe4 Bxe4 20. O-O Rab8 21. a4
Rfd8 22. Rfd1 Bf5 23. cxd5 exd5 24. Qd2 Bf4 25. Qc3 f6 26. Qb3 Be6 27. Re1 Bf7
28. Bd4 Qxc6 29. Ba7 Rb7 30. Re7 Qc8 31. Rae1 Rxe7 32. Rxe7 Bd6 33. Re1 Bc5 34.
Bxc5 Qxc5 35. Qb2 Rc8 36. Rd1 Qc2 37. Qd4 Qc7 38. Rd3 Qe5 0-1

[Event "24th NATO Chess Championship"]
[Site "Rynia"]
[Date "2013.08.13"]
[Round "2.15"]
[White "Vuitton, Gilles"]
[Black "Pazeriene, Diana"]
[Result "1-0"]
[WhiteElo "2093"]
[BlackElo "2025"]
[PlyCount "67"]
[EventDate "2013.08.??"]
[EventType "swiss"]
[EventRounds "7"]
[EventCountry "POL"]
[WhiteTeam "FRA"]
[BlackTeam "LTU"]
[WhiteTeamCountry "FRA"]
[BlackTeamCountry "LTU"]

1. c4 Nf6 2. Nf3 g6 3. Nc3 d5 4. cxd5 Nxd5 5. e4 Nxc3 6. bxc3 Bg7 7. Ba3 O-O 8.
Bc4 c5 9. O-O Bg4 10. Rb1 Nc6 11. Bxc5 Bxf3 12. gxf3 Qc7 13. Be3 Rad8 14. Qe2
b6 15. d4 Na5 16. Ba6 e5 17. d5 f5 18. c4 Rf6 19. Bg5 Rdd6 20. Bxf6 Rxf6 21. c5
Bh6 22. d6 Qd8 23. Rfd1 Bf4 24. d7 Nc6 25. Qc4+ Kg7 26. Qd5 Nd4 27. Rxd4 exd4
28. e5 Rf8 29. c6 Qc7 30. Re1 Bg5 31. e6 Be7 32. Qe5+ Qxe5 33. Rxe5 Bd6 34. Rd5
1-0

[Event "24th NATO Chess Championship"]
[Site "Rynia"]
[Date "2013.08.13"]
[Round "2.16"]
[White "Bielawski, Michal"]
[Black "Cheung, Jan W"]
[Result "1-0"]
[WhiteElo "2026"]
[BlackElo "2093"]
[PlyCount "95"]
[EventDate "2013.08.??"]
[EventType "swiss"]
[EventRounds "7"]
[EventCountry "POL"]
[WhiteTeam "POL"]
[BlackTeam "NED"]
[WhiteTeamCountry "POL"]
[BlackTeamCountry "NED"]

1. d4 Nf6 2. Nf3 g6 3. c4 Bg7 4. Nc3 d5 5. Bf4 O-O 6. e3 c5 7. dxc5 Qa5 8. Rc1
dxc4 9. Bxc4 Qxc5 10. Bb3 Nc6 11. O-O Qa5 12. Qe2 e5 13. Bg5 Bg4 14. Bxf6 Bxf6
15. h3 Bf5 16. e4 Bd7 17. Rfd1 Rad8 18. Nd5 Bg7 19. Qe3 Nd4 20. Nxd4 exd4 21.
Qg5 Kh8 22. h4 h6 23. Qe7 Be6 24. Qxb7 Bxd5 25. exd5 Be5 26. g3 Kg7 27. Rc6 d3
28. Ra6 Qc5 29. Qxa7 Qb4 30. Ra4 Qd6 31. Qe3 Bxb2 32. Qxd3 Rfe8 33. h5 Ra8 34.
Rc4 Bf6 35. hxg6 fxg6 36. Rc6 Qe5 37. d6 Rad8 38. Bc2 Qh5 39. Rc7+ Kh8 40. d7
Rg8 41. Qa6 Be5 42. Rc8 Qg4 43. Rxd8 Rxd8 44. Qxg6 Qxg6 45. Bxg6 Kg7 46. Be4
Kf6 47. a4 Ke7 48. Bc6 1-0

[Event "24th NATO Chess Championship"]
[Site "Rynia"]
[Date "2013.08.13"]
[Round "2.17"]
[White "Kruit, Erik"]
[Black "Andersen, Hans Christoph"]
[Result "1/2-1/2"]
[WhiteElo "2011"]
[BlackElo "2238"]
[PlyCount "47"]
[EventDate "2013.08.??"]
[EventType "swiss"]
[EventRounds "7"]
[EventCountry "POL"]
[WhiteTeam "NED"]
[BlackTeam "GER"]
[WhiteTeamCountry "NED"]
[BlackTeamCountry "GER"]

1. e4 d5 2. exd5 Qxd5 3. Nc3 Qa5 4. d4 c6 5. Bd3 Nf6 6. Nge2 Bg4 7. f3 Bh5 8.
Be3 e6 9. a3 Bg6 10. b4 Qc7 11. Ne4 Nxe4 12. fxe4 Nd7 13. c4 a5 14. c5 e5 15.
O-O exd4 16. Bf4 Ne5 17. Qc2 Be7 18. Nxd4 O-O 19. Nf5 Bf6 20. Rad1 axb4 21.
axb4 b6 22. Bc4 bxc5 23. bxc5 Qa7 24. Kh1 1/2-1/2

[Event "24th NATO Chess Championship"]
[Site "Rynia"]
[Date "2013.08.13"]
[Round "2.19"]
[White "Papista, Akos"]
[Black "Skwarczynski, Marcin"]
[Result "1/2-1/2"]
[WhiteElo "2173"]
[BlackElo "2014"]
[PlyCount "75"]
[EventDate "2013.08.??"]
[EventType "swiss"]
[EventRounds "7"]
[EventCountry "POL"]
[WhiteTeam "HUN"]
[BlackTeam "NATO"]
[WhiteTeamCountry "HUN"]

1. d4 Nf6 2. Nf3 e6 3. e3 b6 4. Bd3 Bb7 5. Nbd2 c5 6. c3 Be7 7. O-O O-O 8. e4
d6 9. Re1 Nc6 10. a3 Qc7 11. Nf1 Rfe8 12. Ng3 a6 13. Bg5 Nd7 14. Bxe7 Nxe7 15.
Qd2 Ng6 16. h4 h6 17. h5 Ngf8 18. Qf4 Nf6 19. dxc5 bxc5 20. e5 dxe5 21. Nxe5
N8d7 22. Bc4 Nxe5 23. Qxe5 Qc6 24. f3 Qb6 25. Re2 Bd5 26. Qf4 Bxc4 27. Qxc4
Red8 28. Ne4 Nxe4 29. fxe4 Qb5 30. Qxb5 axb5 31. Rc1 c4 32. Kf2 Rd3 33. Ra1 e5
34. Re3 Rd2+ 35. Re2 Rd3 36. Re3 Rd2+ 37. Re2 Rd3 38. Re3 1/2-1/2

[Event "24th NATO Chess Championship"]
[Site "Rynia"]
[Date "2013.08.13"]
[Round "2.20"]
[White "Demjen, Attila"]
[Black "Michalski, Daniel"]
[Result "0-1"]
[WhiteElo "2013"]
[BlackElo "2150"]
[PlyCount "42"]
[EventDate "2013.08.??"]
[EventType "swiss"]
[EventRounds "7"]
[EventCountry "POL"]
[WhiteTeam "HUN"]
[BlackTeam "POL"]
[WhiteTeamCountry "HUN"]
[BlackTeamCountry "POL"]

1. e4 d5 2. exd5 Qxd5 3. Nc3 Qa5 4. d4 Nf6 5. Nf3 Nc6 6. a3 Ne4 7. Bd2 Nxc3 8.
Bxc3 Qd5 9. Be2 Bg4 10. Qd2 e6 11. h3 Bh5 12. O-O Be7 13. b3 O-O-O 14. Rfd1 g5
15. Bb2 Rhg8 16. c4 Qe4 17. g4 Bxg4 18. hxg4 Qxg4+ 19. Kf1 Qh3+ 20. Kg1 g4 21.
Ne5 Nxe5 0-1

[Event "24th NATO Chess Championship"]
[Site "Rynia"]
[Date "2013.08.13"]
[Round "2.21"]
[White "Hater, David"]
[Black "Pos, Nicolaas"]
[Result "1/2-1/2"]
[WhiteElo "2147"]
[BlackElo "1884"]
[PlyCount "27"]
[EventDate "2013.08.??"]
[EventType "swiss"]
[EventRounds "7"]
[EventCountry "POL"]
[WhiteTeam "USA"]
[BlackTeam "NATO"]
[WhiteTeamCountry "USA"]

1. e4 c6 2. d3 g6 3. Nf3 d6 4. Be2 Bg7 5. O-O Nf6 6. Nc3 O-O 7. h3 Nbd7 8. Be3
b5 9. Qd2 Re8 10. a3 Qc7 11. d4 a6 12. Bf4 e5 13. dxe5 dxe5 14. Be3 1/2-1/2

[Event "24th NATO Chess Championship"]
[Site "Rynia"]
[Date "2013.08.13"]
[Round "2.22"]
[White "Tikerpuu, Mati"]
[Black "Alaslar, Devrim"]
[Result "0-1"]
[WhiteElo "1950"]
[BlackElo "2145"]
[PlyCount "112"]
[EventDate "2013.08.??"]
[EventType "swiss"]
[EventRounds "7"]
[EventCountry "POL"]
[WhiteTeam "EST"]
[BlackTeam "TUR"]
[WhiteTeamCountry "EST"]
[BlackTeamCountry "TUR"]

1. e4 c5 2. d4 cxd4 3. c3 g6 4. Bc4 e6 5. Nf3 Bg7 6. O-O Ne7 7. Bg5 f6 8. Bh4
d5 9. exd5 exd5 10. Bb5+ Nbc6 11. Nxd4 O-O 12. Re1 Nxd4 13. Qxd4 Nf5 14. Qa4
Qb6 15. Bg3 a6 16. Na3 Nxg3 17. hxg3 axb5 18. Nc4 Qa6 19. Qxa6 Rxa6 20. Ne3 Rd8
21. Nxd5 Rxd5 22. Re8+ Kf7 23. Rxc8 Rc6 24. Rb8 Rc7 25. Kf1 Rd2 26. Rb1 Bf8 27.
Re1 Rxb2 28. Re2 Rb1+ 29. Re1 Rb2 30. Re2 Ba3 31. Rh8 Rb1+ 32. Re1 Rxe1+ 33.
Kxe1 Kg7 34. Rb8 Bb2 35. Ke2 Bxc3 36. g4 b4 37. f3 g5 38. Rd8 b6 39. Ra8 Rc5
40. Ra6 Ra5 41. Rxa5 bxa5 42. Kd3 Kf7 43. Ke3 a4 44. Kd3 a3 45. Ke3 Ke6 46. Ke4
b3 47. Kd3 Be5 48. g3 bxa2 49. f4 gxf4 50. gxf4 a1=Q 51. fxe5 Qxe5 52. g5 a2
53. g6 hxg6 54. Kc4 a1=R 55. Kb3 Rd1 56. Kc2 Rd4 0-1

[Event "24th NATO Chess Championship"]
[Site "Rynia"]
[Date "2013.08.13"]
[Round "2.24"]
[White "De Cat, Ben"]
[Black "Mottais, Francois"]
[Result "1/2-1/2"]
[WhiteElo "1914"]
[BlackElo "2055"]
[PlyCount "89"]
[EventDate "2013.08.??"]
[EventType "swiss"]
[EventRounds "7"]
[EventCountry "POL"]
[WhiteTeam "BEL"]
[BlackTeam "FRA"]
[WhiteTeamCountry "BEL"]
[BlackTeamCountry "FRA"]

1. e4 c5 2. f4 e6 3. d3 d5 4. Nd2 Nc6 5. c3 Bd6 6. e5 Bc7 7. Qg4 g6 8. h4 h5 9.
Qe2 Nh6 10. g3 Nf5 11. Kf2 Bd7 12. Bh3 Nce7 13. Ngf3 Bc6 14. d4 cxd4 15. Nxd4
Nxd4 16. cxd4 Bb6 17. Nf3 Qd7 18. Be3 Bb5 19. Qd2 Nc6 20. a4 Ba5 21. Qd1 Ba6
22. Bd2 Bxd2 23. Qxd2 Qe7 24. Bf1 Bxf1 25. Rhxf1 Rc8 26. Rfc1 O-O 27. Rc5 b6
28. Rc3 Qb4 29. Rac1 Ne7 30. Rc7 Qxd2+ 31. Nxd2 Rxc7 32. Rxc7 Nf5 33. Nf3 Re8
34. Rxa7 Rc8 35. Ne1 Nxd4 36. Rb7 Ra8 37. Rxb6 Rxa4 38. Nf3 Nf5 39. Rb8+ Kg7
40. Rb7 Kg8 41. Ng5 Nh6 42. Rb8+ Kg7 43. Rb7 Kg8 44. Rb8+ Kg7 45. Rb7 1/2-1/2

[Event "24th NATO Chess Championship"]
[Site "Rynia"]
[Date "2013.08.13"]
[Round "2.25"]
[White "Chwieseni, Edward"]
[Black "Bohn, Ulrich"]
[Result "0-1"]
[WhiteElo "1754"]
[BlackElo "2175"]
[PlyCount "72"]
[EventDate "2013.08.??"]
[EventType "swiss"]
[EventRounds "7"]
[EventCountry "POL"]
[WhiteTeam "ENG"]
[BlackTeam "GER"]
[WhiteTeamCountry "ENG"]
[BlackTeamCountry "GER"]

1. e4 g6 2. d4 Bg7 3. f4 d6 4. Nf3 a6 5. Be2 Nf6 6. Nc3 e6 7. Be3 b5 8. a3 Bb7
9. e5 Ng4 10. Qd2 c5 11. h3 Nxe3 12. Qxe3 cxd4 13. Qxd4 dxe5 14. Qxd8+ Kxd8 15.
fxe5 Nd7 16. O-O Ke7 17. Rae1 Nxe5 18. Nxe5 Bxe5 19. Bf3 Bxc3 20. Bxb7 Bd4+ 21.
Kh1 Ra7 22. c3 Bxc3 23. bxc3 Rxb7 24. Rb1 Rc8 25. Rf3 Rc4 26. Rb4 Rbc7 27. Rb3
f5 28. g3 e5 29. Kg2 e4 30. Re3 Rd7 31. Kf2 Kf6 32. Ke2 Ke5 33. Rb4 g5 34. h4
f4 35. gxf4+ gxf4 36. Rh3 f3+ 0-1